01060 2200373 4500001002100000005001500021035002500036007000300061008004100064020002200105040001700127041000800144082001800152084001800170090002200188090002200210100003600232245011300268250001100381260003800392300003600430650001400466700001300480700001700493700001600510700002100526850001200547504002500559999002200584990002200606990001800628990002200646990001800668INLIS00000000003038920200330011513 a0010-081700000000595ta170824s2015 yoia g ind d a978-602-1129-98-2 aYOPDYOGbind aind042[22]a615.892 a615.892 MUK p aDEP 615.892 MUK p aCB-D.11 2015-25480 aMukhamad Rajin,d1971-epenulis1 aPanduan babon akupuntur /cMukhamad Rajin, Masruroh, Abdul Qhofar; penyunting, Nur Iswarso, Ayuninda Erdiani aCet. 1 aYogyakarta :bIndoliterasi,c2015 axi, 394 hlm. :bilus. ;c23 cm. 4aAkupuntur0 aMasruroh0 aAbdul Qhofar0 aNur Iswarso0 aAyuninda Erdiani aYOPDYOG aTermasuk bibliografi aCB-D.11/2015-2548 aCB-D.11/2015-2548 a56076-PD/A.17 aCB-D.11/2015-2548 a56076-PD/A.17